000 01392nam0a2200289 4500
001 RU\NLR\BIBL_A\011489171
005 20260407113700.0
035 _a(NLR Aleph) 011489171
090 _a11935865
_c11935865
100 _a20171005d1985 |||y0rusy50 ca
101 0 _arus
102 _aRU
105 _aa|||z|||000zy
200 1 _aИзучение природных каменных материалов и силикатного сырья, разработка эффективной техники и технологии производства
_e(сб. науч. тр.)
_fМ-во пром-сти строит. материалов Арм. СССР, Науч.-произв. об-ние "Камень и силикаты, НИИ камня и силикатов"
_g[ред. совет: Г.Г. Бабаян и др.]
210 _aЕреван
_cб. и.
_d1985
215 _a153 с.
_cил.
_d20
606 _aСиликаты
_jСборники
_9954754
_3RU\NLR\AUTH\6636657
606 _aСтроительные камни
_jСборники
_91019282
_3RU\NLR\AUTH\6671533
686 1 _aЛ41я43
686 1 _aН31я43
702 1 _aБабаян
_bГ.Г.
_4340
712 0 2 _4570
_aНИИ камня и силикатов
_cЕреван
_3RU\NLR\AUTH\8810065710
_9633016
852 _aNLR
_j87-3/12871
942 _cBOOK
980 _aNB